000 00257nam a22001217a 4500
999 _c533691
_d533691
020 _a0792279522
040 _cMSOHAIL
082 _a919.40465
100 _aRoff Smith
_927652
245 _aCold Beer and Crocodiles
300 _a284;p;
942 _2ddc
_cBK